| 000 | 00584nam a2200229Ia 4500 | ||
|---|---|---|---|
| 008 | 170203s9999 xx 000 0 und d | ||
| 020 | _a9781603207751 | ||
| 050 | _a0 30 | ||
| 050 | _bT583 2009 | ||
| 245 | _aTIME for kids almanac 2009 / | ||
| 260 | _aNew York : | ||
| 260 | _bTime Home Entertainment | ||
| 260 | _c2008 | ||
| 300 | _a256 pages : | ||
| 300 | _billustrations ; | ||
| 300 | _c23 cm. | ||
| 500 | _aIncludes index. | ||
| 650 | _aAlmanac, Children. | ||
| 650 | _aAlmanacs. | ||
| 650 | _aChildren's questions and answers. | ||
| 650 | _aEducational games. | ||
| 999 |
_c305591 _d305591 |
||